<?xml version="1.0" encoding="UTF-8"?>
<record
    xmlns:xsi="http://www.w3.org/2001/XMLSchema-instance"
    xsi:schemaLocation="http://www.loc.gov/MARC21/slim http://www.loc.gov/standards/marcxml/schema/MARC21slim.xsd"
    xmlns="http://www.loc.gov/MARC21/slim">

  <leader>00777nab a2200241 uc4500</leader>
  <controlfield tag="001">840964</controlfield>
  <controlfield tag="005">20241116090517.0</controlfield>
  <controlfield tag="008">030829e20030818                    spa  </controlfield>
  <datafield tag="035" ind1=" " ind2=" ">
    <subfield code="a">840964</subfield>
  </datafield>
  <datafield tag="035" ind1=" " ind2=" ">
    <subfield code="a">(OCoLC)820074013</subfield>
  </datafield>
  <datafield tag="040" ind1=" " ind2=" ">
    <subfield code="c">comduadb</subfield>
  </datafield>
  <datafield tag="041" ind1=" " ind2=" ">
    <subfield code="a">spa</subfield>
  </datafield>
  <datafield tag="100" ind1="1" ind2="0">
    <subfield code="a">Ospina, William,</subfield>
    <subfield code="d">1954-</subfield>
    <subfield code="4">aut</subfield>
    <subfield code="0">(isni)0000000122798656</subfield>
    <subfield code="0">(viaf)267160650</subfield>
    <subfield code="e">aut</subfield>
    <subfield code="9">612490</subfield>
  </datafield>
  <datafield tag="245" ind1="1" ind2="3">
    <subfield code="a">El Colegio del Cuerpo</subfield>
  </datafield>
  <datafield tag="650" ind1=" " ind2=" ">
    <subfield code="a">Restrepo, Alvaro</subfield>
    <subfield code="9">123220</subfield>
  </datafield>
  <datafield tag="650" ind1=" " ind2=" ">
    <subfield code="a">Bailarines colombianos</subfield>
    <subfield code="9">64779</subfield>
  </datafield>
  <datafield tag="650" ind1=" " ind2=" ">
    <subfield code="a">Danza contempor&#xE1;nea</subfield>
    <subfield code="9">66591</subfield>
  </datafield>
  <datafield tag="650" ind1=" " ind2=" ">
    <subfield code="a">El Colegio del Cuerpo</subfield>
    <subfield code="9">127023</subfield>
  </datafield>
  <datafield tag="650" ind1=" " ind2=" ">
    <subfield code="a">Escuelas de danza</subfield>
    <subfield code="9">36625</subfield>
  </datafield>
  <datafield tag="650" ind1=" " ind2=" ">
    <subfield code="a">Cuerpo en la danza</subfield>
    <subfield code="9">93039</subfield>
  </datafield>
  <datafield tag="773" ind1="0" ind2=" ">
    <subfield code="t">Cromos (Bogot&#xE1;)</subfield>
    <subfield code="g">N&#xFA;mero 4462, Agosto 18, 2003, p. 86-87</subfield>
    <subfield code="w">96914</subfield>
    <subfield code="x">0011-1708</subfield>
    <subfield code="0">93902</subfield>
  </datafield>
  <datafield tag="942" ind1=" " ind2=" ">
    <subfield code="c">ARIMP</subfield>
  </datafield>
  <datafield tag="999" ind1=" " ind2=" ">
    <subfield code="c">294109</subfield>
    <subfield code="d">294109</subfield>
  </datafield>
</record>
